000 00235nam a2200097Ia 4500
008 231212s1974 xx 000 0 und d
041 _aeng
100 _aMaleat Harry
245 _aBasic Electronic
260 _aBombay
_bD.B. Tarapur
_c1974
999 _c960681
_d960681